I'm a doctor / (Record no. 7002)

MARC details
000 -LEADER
fixed length control field 00900nam a22002777a 4500
001 - CONTROL NUMBER
control field 7002
003 - CONTROL NUMBER IDENTIFIER
control field FISKH
005 - DATE AND TIME OF LATEST TRANSACTION
control field 20250617101718.0
008 - FIXED-LENGTH DATA ELEMENTS--GENERAL INFORMATION
fixed length control field 250617b cb ||||| |||| 00| 0 eng d
020 ## - INTERNATIONAL STANDARD BOOK NUMBER
International Standard Book Number 9780241324585
040 ## - CATALOGING SOURCE
Original cataloging agency FISKH
Language of cataloging eng
Transcribing agency FISKH
Modifying agency FISKH
082 ## - DEWEY DECIMAL CLASSIFICATION NUMBER
Classification number 610.695
100 ## - MAIN ENTRY--PERSONAL NAME
Personal name Hibbert, Clare
245 ## - TITLE STATEMENT
Title I'm a doctor /
Statement of responsibility, etc. Written by Clare Hibbert : Illustrated by Mike Byrne
250 ## - EDITION STATEMENT
Edition statement This Edition published 2017
260 ## - PUBLICATION, DISTRIBUTION, ETC.
Place of publication, distribution, etc. London :
Name of publisher, distributor, etc. Ladybird Books ,
Date of publication, distribution, etc. 2015.
300 ## - PHYSICAL DESCRIPTION
Extent 32 pages :
Other physical details color illustrations ;
Dimensions 21x21 cm .
505 ## - FORMATTED CONTENTS NOTE
Formatted contents note F <br/>
520 ## - SUMMARY, ETC.
Summary, etc. Could you be a doctor when your grow up? This fun book is filled with exciting facts for future medical experts!
521 8# - TARGET AUDIENCE NOTE
Target audience note 400 <br/>
Source Lexile estimate <br/>
521 8# - TARGET AUDIENCE NOTE
Target audience note F <br/>
Source Raz-Plus <br/>
650 ## - SUBJECT ADDED ENTRY--TOPICAL TERM
Topical term or geographic name entry element Children
Form subdivision Non-fiction
700 ## - ADDED ENTRY--PERSONAL NAME
Personal name Byrne, Mike
Relator term Illustrator
942 ## - ADDED ENTRY ELEMENTS (KOHA)
Source of classification or shelving scheme Dewey Decimal Classification
Koha item type Books
Suppress in OPAC No
Holdings
Withdrawn status Lost status Source of classification or shelving scheme Damaged status Not for loan Collection Home library Current library Shelving location Date acquired Total Checkouts Full call number Barcode Date last seen Price effective from Koha item type
    Dewey Decimal Classification     Non-Fiction Footprints International School Library Network Toul Tom Poung Campus Footprints International School Library Network Toul Tom Poung Campus TTP Primary Dark Blue Bookshelves 06/17/2025   HIB 610.695 2025-1650 06/17/2025 06/17/2025 Books